Kolumbijscy sportowcy - nagła śmierć - Statystyki

Ogólne statystyki
  • Ten quiz został rozwiązany 28 razy
  • Średni wynik to 7 z 10
Answers on the Grid
Answers color-coded by a green-red scale on the quiz's grid according to % correct below.
Radamel Falcao
Christian Pulisic
Yannick Carrasco
James Rodríguez
Fernando Torres
Carlos Valderrama
Juan Cuadrado
Alexis Sanchez
Manny Pacquiao
Nairo Quintana
Egan Bernal
Guillermo Ochoa
Caterine Ibargüen
Lando Norris
Óscar Cardozo
Anthony Zambrano
Antonio Valencia
Ángel Barajas
Yerry Mina
Pau Gasol
 
Statystyki odpowiedzi
Odpowiedź % Poprawnych
James Rodríguez
96%
Radamel Falcao
93%
Juan Cuadrado
89%
Yerry Mina
78%
Carlos Valderrama
70%
Caterine Ibargüen
59%
Nairo Quintana
56%
Ángel Barajas
52%
Anthony Zambrano
41%
Egan Bernal
30%
Nie znaleziono quizów pasujących do podanych kryteriów
Rozkład punktacji
Procent ludzi z każdym wynikiem
Percentyl według liczby udzielonych odpowiedzi
Twoja historia wyników
Nie rozwiązałeś tego quizu